Rich Dad's before you quit your job: (Record no. 24316)
[ view plain ]
| 000 -LEADER | |
|---|---|
| fixed length control field | 00697nam a2200205 a 4500 |
| 005 - DATE AND TIME OF LATEST TRANSACTION | |
| control field | 20140310183517.0 |
| 008 - FIXED-LENGTH DATA ELEMENTS--GENERAL INFORMATION | |
| fixed length control field | 110104s19uu xx 00 eng d |
| 020 ## - INTERNATIONAL STANDARD BOOK NUMBER | |
| International Standard Book Number | 046669374 |
| 050 ## - LIBRARY OF CONGRESS CALL NUMBER | |
| Classification number | HD 62.5 |
| Item number | .K96 2005 |
| 100 ## - MAIN ENTRY--PERSONAL NAME | |
| Personal name | Kiyosaki, Robert |
| 245 ## - TITLE STATEMENT | |
| Title | Rich Dad's before you quit your job: |
| Remainder of title | ten real-life lessons every entrepreneur should know about building/ a multimillion-dollar business. |
| Statement of responsibility, etc | Robert T. Kiyosaki. |
| 260 ## - PUBLICATION, DISTRIBUTION, ETC. (IMPRINT) | |
| Place of publication, distribution, etc | New York : |
| Name of publisher, distributor, etc | Time warner Business Book, |
| Date of publication, distribution, etc | 2005. |
| 300 ## - PHYSICAL DESCRIPTION | |
| Extent | 258 p. : |
| Other physical details | ill. ; |
| Dimensions | 23 cm. |
| 521 ## - TARGET AUDIENCE NOTE | |
| Target audience note | |
| 650 ## - SUBJECT ADDED ENTRY--TOPICAL TERM | |
| Topical term or geographic name as entry element | New business enterprises. |
| 650 ## - SUBJECT ADDED ENTRY--TOPICAL TERM | |
| Topical term or geographic name as entry element | Entrepreneurship. |
| 700 ## - ADDED ENTRY--PERSONAL NAME | |
| Personal name | with Sharon Lechter |
| 942 ## - ADDED ENTRY ELEMENTS (KOHA) | |
| Koha item type | Books |
| Source of classification or shelving scheme | Library of Congress Classification |
| Call number prefix | Foreign |
No items available.